| 000 | 00852nam a2200217Ia 4500 | ||
|---|---|---|---|
| 001 | 15898 | ||
| 003 | GE_BSU | ||
| 008 | 181216s||||||||xx |||||||||||||| ||und|| | ||
| 040 | _cGE_BSU | ||
| 080 | _a821.353.1-1 + 821.353.1-11 | ||
| 100 | _aჭავჭავაძე, ი. (ილია, 1837-1907) | ||
| 245 | _aლექსები და პოემები | ||
| 245 | _cრედ.პ.ინგოროყვა. | ||
| 260 | _aთბილისი | ||
| 260 | _bსაბჭ. მწერალი | ||
| 260 | _c1948 | ||
| 300 | _a176 გვ. ; 15 სმ. | ||
| 520 | _aთავფურცელზე და ყდაზე სათაური არ არის, აწერილია შმუცტიტულის მიხედვით. | ||
| 653 | _aლექსები და პოემები | ||
| 942 | _cBK | ||
| 999 |
_c48993 _d48993 |
||